[Event "Stay Safe Play From Home 379"]
[Site "Emanuel Lasker Arena"]
[Date "2020.08.13"]
[Round "1"]
[White "NTBT_DHS"]
[Black "AChessPlayer"]
[Result "1-0"]
[WhiteElo "2575"]
[BlackElo "2472"]
[Annotator "TA"]
[PlyCount "85"]
[EventDate "2020.08.13"]
[EventType "swiss (blitz)"]

{[%evp 9,85,0,14,22,23,13,27,18,20,12,18,28,32,0,0,-25,-16,-10,-6,-25,-12,-47,-50,-220,-43,-41,-28,-50,-29,-32,-23,-21,-27,-28,-18,-24,-19,-18,-21,-20,-21,-35,-6,-17,-21,-50,-48,-50,0,-44,-45,-56,-49,-69,-14,-127,6,0,37,43,37,42,52,45,50,0,133,126,131,127,1168,1102,1056,1039,1265,1221,5243,5232]} 1. e4 c6 2. Nc3 d5 3. Nf3 dxe4 4. Nxe4 Nf6 5. Bd3 Nxe4 6. Bxe4 {[#] B11: Caro-Kann: Two Knights Variation.} Bg4 $146 ({Predecessor:} 6... Nd7 7. d4 Nf6 8. Bd3 Bf5 9. O-O Bxd3 10. Qxd3 e6 11. Bg5 Be7 12. c3 O-O 13. Ne5 Nd7 14. Bxe7 Nxe5 15. Qg3 Qxe7 16. Qxe5 Rfd8 17. Rae1 Rd5 18. Qe4 Rad8 19. Re3 c5 20. dxc5 Qxc5 {0-1 (59) Rychkov,O (2407)-Ter Sahakyan,S (2640) chess.com INT 2020}) 7. h3 Bh5 8. O-O {White has an edge.} e6 9. d4 Be7 10. c3 Nd7 11. Qc2 Nf6 12. Bf4 Nxe4 13. Qxe4 Qd5 14. Qxd5 cxd5 15. Ne5 (15. g4 $5 {[%cal Rg4h5]} Bg6 16. Ne5 $11) 15... f6 16. Nd3 $2 (16. Ng4 $15) 16... Bg6 $2 (16... Be2 $19 17. Rfd1 g5) 17. Rad1 $15 Kd7 18. Rfe1 Rhe8 19. Bg3 Bf8 20. Nf4 Bf7 21. Nd3 b6 22. Re2 Rac8 23. f3 g5 24. Rde1 h6 25. Nf2 b5 26. Ng4 (26. a4 $5 b4 27. Ng4 $11) 26... Bg7 27. Bh2 h5 28. Ne3 h4 29. f4 gxf4 30. Bxf4 a5 31. Ng4 b4 (31... Bg6 $15) 32. Bh6 (32. Bd2 $11 {remains equal.}) 32... Bh8 ({Black should play} 32... Bxh6 $17 33. Nxh6 Bh5) 33. Rf2 $36 {[%mdl 2048] White is more active.} bxc3 34. Nxf6+ Bxf6 35. Rxf6 Bg8 36. bxc3 Rxc3 37. Rg6 Rg3 {[#]} (37... Bh7 $11 38. Rg7+ Re7) 38. Bg5 $1 $16 Kc6 {[#]} 39. Rg7 $1 {aiming for Rb1.} Rb8 $2 {[%mdl 8192]} (39... e5 $16) 40. Rc1+ $18 {White is clearly winning.} Kb5 41. Rb1+ Kc4 42. Rxb8 Kd3 43. Rb3+ {Accuracy: White = 67%, Black = 60%.} 1-0

[Event "Stay Safe Play From Home 379"]
[Site "Emanuel Lasker Arena"]
[Date "2020.08.13"]
[Round "1"]
[White "Broken sword"]
[Black "TheCHESSHOUSE"]
[Result "1-0"]
[WhiteElo "2444"]
[BlackElo "1977"]
[Annotator "TA"]
[PlyCount "73"]
[EventDate "2020.08.13"]
[EventType "swiss (blitz)"]

{[%evp 22,72,39,53,67,39,38,57,138,46,30,-27,-50,-30,197,209,196,197,197,197,197,206,185,204,235,0,30,0,0,0,0,0,0,-42,0,0,7,0,644,632,611,603,29981,29978,29993,29994,29994,29995,29997,29998,29998,29999,29999]} 1. e4 c5 2. Nf3 d6 3. d4 cxd4 4. Nxd4 Nf6 5. Nc3 g6 6. Be3 Bg7 7. f3 Nc6 8. Qd2 O-O 9. Bc4 Bd7 10. Bb3 Rc8 11. O-O-O Ne5 12. Kb1 a6 {B78: Sicilian Dragon: Yugoslav Attack, 9 Bc4 Bd7 10 0-0-0 Rc8.} 13. h4 h5 $1 14. Bh6 b5 {[#]} ({Better is} 14... Nc4 $14 15. Bxc4 Rxc4) 15. Bxg7 (15. g4 $1 $16) 15... Kxg7 $14 16. g4 (16. a3 $142) 16... hxg4 $11 {[#]} 17. h5 $146 {[%mdl 512]} ({Predecessor:} 17. f4 Nf3 18. Nxf3 gxf3 19. e5 Ne8 20. h5 Bf5 21. hxg6 Bxg6 22. Qh2 {1-0 (22) Alonso Garuti,L (1816)-Rial Rodriguez,M (1509) San Sebastian 2017}) 17... Rh8 $2 ({Not} 17... gxh5 $2 18. Qg5+ Ng6 19. fxg4 $18) (17... Nxh5 $11 {and Black stays safe.} 18. fxg4 Bxg4) (17... Nxh5 18. Rdg1) 18. hxg6 $18 fxg6 19. f4 Nc4 20. Bxc4 $1 Rxc4 {[#]} 21. e5 $1 {[%cal Re5f6]} Nh5 22. e6 Bc6 23. Rhg1 $2 (23. Nxc6 $18 Rxc6 24. Nd5) 23... Nf6 $1 $11 24. b3 Rxd4 25. Qxd4 {Black must now prevent Rxg4.} Bf3 26. Rdf1 Qc7 27. Nd1 Rh2 28. Ne3 $1 $36 {[%mdl 2048] And now Rxf3! would win. White has good play.} Be2 29. Re1 {Strongly threatening f5.} g3 $2 {[%mdl 8192]} (29... Qc5 $11 30. Qxc5 dxc5) 30. Rxg3 $18 {Threatens to win with Nf5+.} Bh5 31. f5 g5 32. Rxg5+ {White mates.} Kh6 {[#]} 33. Qf4 $1 Kh7 34. Reg1 Rh1 35. Rg7+ Kh8 36. Qh6+ Nh7 37. Qxh7# {Accuracy: White = 65%, Black = 56%.} 1-0

[Event "Stay Safe Play From Home 379"]
[Site "Emanuel Lasker Arena"]
[Date "2020.08.13"]
[Round "1"]
[White "Mepe_Nika"]
[Black "Sfantul321"]
[Result "1-0"]
[WhiteElo "2369"]
[BlackElo "1944"]
[Annotator "NA"]
[PlyCount "87"]
[EventDate "2020.08.13"]
[EventType "swiss (blitz)"]

1. d4 {[%emt 0:00:05]} g6 {[%emt 0:00:01]} 2. e4 {[%emt 0:00:02]} Bg7 {[%emt 0:00:00]} 3. c3 {[%emt 0:00:01]} d6 {[%emt 0:00:00]} 4. Bd3 {[%emt 0:00:01]} Nf6 {[%emt 0:00:00]} 5. Nf3 {[%emt 0:00:00]} O-O {[%emt 0:00:00]} 6. O-O {[%emt 0:00:00]} c5 {[%emt 0:00:00]} 7. h3 {[%emt 0:00:03]} cxd4 {[%emt 0:00:01]} 8. cxd4 {[%emt 0:00:00]} Nc6 {[%emt 0:00:00]} 9. Nc3 {[%emt 0:00:01]} e5 {[%emt 0:00:01]} 10. d5 {[%emt 0:00:01]} Ne7 {[%emt 0:00:01]} 11. Be3 {[%emt 0:00:01]} a6 {[%emt 0:00:01]} 12. Rc1 {[%emt 0:00:01]} Nd7 {[%emt 0:00:01]} 13. Nd2 {[%emt 0:00:02]} f5 {[%emt 0:00:01]} 14. f3 {[%emt 0:00:01]} fxe4 {[%emt 0:00:01]} 15. Ndxe4 {[%emt 0:00:02]} Nf5 {[%emt 0:00:01]} 16. Bf2 {[%emt 0:00:02]} Nf6 {[%emt 0:00:02]} 17. Qc2 {[%emt 0:00:02]} Nxe4 {[%emt 0:00:01]} 18. Nxe4 {[%emt 0:00:02]} Bd7 {[%emt 0:00:03]} 19. Qc7 {[%emt 0:00:01]} b5 {[%emt 0:00:05]} 20. Bb6 {[%emt 0:00:05]} Qe7 {[%emt 0:00:02]} 21. Ba5 {[%emt 0:00:02]} Rfc8 {[%emt 0:00:02]} 22. Qb6 {[%emt 0:00:00]} Rcb8 {[%emt 0:00:02]} 23. Qf2 {[%emt 0:00:01]} Rc8 {[%emt 0:00:01]} 24. Qd2 {[%emt 0:00:02]} Nd4 {[%emt 0:00:01]} 25. Ng5 {[%emt 0:00:03]} h6 {[%emt 0:00:02]} 26. Ne4 {[%emt 0:00:01]} h5 {[%emt 0:00:01]} 27. Bb4 {[%emt 0:00:01]} Nf5 {[%emt 0:00:03]} 28. g4 {[%emt 0:00:01]} hxg4 {[%emt 0:00:01]} 29. hxg4 {[%emt 0:00:00]} Nd4 {[%emt 0:00:01]} 30. Nxd6 {[%emt 0:00:02]} Rxc1 {[%emt 0:00:01]} 31. Qxc1 {[%emt 0:00:02]} Qf8 {[%emt 0:00:02]} 32. Qe3 {[%emt 0:00:01]} Qf4 {[%emt 0:00:01]} 33. Qxf4 {[%emt 0:00:01]} exf4 {[%emt 0:00:00]} 34. Ne4 {[%emt 0:00:01]} Rc8 {[%emt 0:00:02]} 35. Kf2 {[%emt 0:00:01]} Nc2 {[%emt 0:00:02]} 36. Bd2 {[%emt 0:00:01]} Nd4 {[%emt 0:00:02]} 37. Rc1 {[%emt 0:00:00]} Rxc1 {[%emt 0:00:01]} 38. Bxc1 {[%emt 0:00:00]} b4 {[%emt 0:00:03]} 39. Bxf4 {[%emt 0:00:01]} Nb5 {[%emt 0:00:01]} 40. g5 {[%emt 0:00:00]} Bxb2 {[%emt 0:00:01]} 41. Nf6+ {[%emt 0:00:00]} Kg7 {[%emt 0:00:02]} 42. Nxd7 {[%emt 0:00:01]} Bd4+ {[%emt 0:00:00]} 43. Ke2 {[%emt 0:00:01]} Nc3+ {[%emt 0:00:02]} 44. Kf1 {[%emt 0:00:01] Time Time Time (Lag: Av=0.35s, max=0.9s) (Lag: Av=0.35s, max=0.9s) (Lag: Av=0.35s, max=0.9s)} 1-0

[Event "Stay Safe Play From Home 379"]
[Site "Emanuel Lasker Arena"]
[Date "2020.08.13"]
[Round "1"]
[White "Lamborghini"]
[Black "Mamba2001de"]
[Result "1-0"]
[WhiteElo "2239"]
[BlackElo "1455"]
[Annotator "NA"]
[PlyCount "57"]
[EventDate "2020.08.13"]
[EventType "swiss (blitz)"]

1. e4 {[%emt 0:00:02]} e6 {[%emt 0:00:01]} 2. d4 {[%emt 0:00:01]} d5 {[%emt 0:00:01]} 3. Nc3 {[%emt 0:00:00]} dxe4 {[%emt 0:00:01]} 4. Nxe4 {[%emt 0:00:00]} Nf6 {[%emt 0:00:01]} 5. Nxf6+ {[%emt 0:00:01]} Qxf6 {[%emt 0:00:01]} 6. Nf3 {[%emt 0:00:00]} h6 {[%emt 0:00:02]} 7. g3 {[%emt 0:00:01]} Be7 {[%emt 0:00:01]} 8. Bg2 {[%emt 0:00:00]} Nc6 {[%emt 0:00:01]} 9. O-O {[%emt 0:00:00]} O-O {[%emt 0:00:01]} 10. c3 {[%emt 0:00:00]} Bd7 {[%emt 0:00:01]} 11. Re1 {[%emt 0:00:01]} Nd8 {[%emt 0:00:01]} 12. Bf4 {[%emt 0:00:01]} Qg6 {[%emt 0:00:01]} 13. Bxc7 {[%emt 0:00:02]} Rc8 {[%emt 0:00:01]} 14. Ne5 {[%emt 0:00:02]} Qh7 {[%emt 0:00:04]} 15. Nxd7 {[%emt 0:00:01]} Rxc7 {[%emt 0:00:01]} 16. Nxf8 {[%emt 0:00:01]} Bxf8 {[%emt 0:00:01]} 17. Qe2 {[%emt 0:00:02]} Nc6 {[%emt 0:00:01]} 18. Rad1 {[%emt 0:00:02]} Bd6 {[%emt 0:00:02]} 19. d5 {[%emt 0:00:01]} e5 {[%emt 0:00:01]} 20. dxc6 {[%emt 0:00:01]} Rxc6 {[%emt 0:00:01]} 21. Bxc6 {[%emt 0:00:02]} bxc6 {[%emt 0:00:01]} 22. Rxd6 {[%emt 0:00:00]} f5 {[%emt 0:00:01]} 23. Rd8+ {[%emt 0:00:01]} Kf7 {[%emt 0:00:03]} 24. Qxe5 {[%emt 0:00:00]} f4 {[%emt 0:00:02]} 25. Qe8+ {[%emt 0:00:00]} Kf6 {[%emt 0:00:01]} 26. Rd6+ {[%emt 0:00:01]} Kf5 {[%emt 0:00:01]} 27. Qe5+ {[%emt 0:00:01]} Kg4 {[%emt 0:00:02]} 28. Qxf4+ {[%emt 0:00:01]} Kh3 {[%emt 0:00:01]} 29. Qh4# {[%emt 0:00:01] (Lag: Av=0.34s, max=0.8s) (Lag: Av=0.34s, max=0.8s) (Lag: Av=0.34s, max=0.8s)} 1-0

[Event "Stay Safe Play From Home 379"]
[Site "Emanuel Lasker Arena"]
[Date "2020.08.13"]
[Round "1"]
[White "MihailoVujic"]
[Black "Klasman"]
[Result "1-0"]
[WhiteElo "2228"]
[BlackElo "1283"]
[Annotator "TA"]
[PlyCount "31"]
[EventDate "2020.08.13"]
[EventType "swiss (blitz)"]

{[%evp 9,31,-15,0,3,137,125,135,156,131,0,0,-121,-116,-105,-107,-104,-88,-152,-10,0,370,333,535,230]} 1. e4 f5 2. d4 fxe4 3. Nc3 Nf6 4. f3 d5 5. fxe4 dxe4 6. Bg5 {A82: Dutch Defence: Staunton Gambit.} e6 {[#]} (6... Be6 $11) 7. Nxe4 $1 $16 {[%mdl 576] [#] Pin} Qd5 $146 (7... Nxe4 8. Bxd8) ({Predecessor:} 7... Be7 8. Nxf6+ Bxf6 9. Bxf6 Qxf6 10. Nf3 Nc6 11. Bb5 O-O 12. O-O Bd7 13. c3 Qh6 {½-½ (45) Brigljevic,M (2218)-Zelic,M (2307) Zadar 2013}) 8. Nxf6+ {White is clearly better.} gxf6 9. Qh5+ ({White has to play} 9. Bxf6 $16 Rg8 10. Nf3) 9... Ke7 $11 10. Bxf6+ (10. Nf3 $11) 10... Kxf6 $17 11. Qh4+ Qg5 12. Qf2+ Kg7 13. Nf3 ({White should play} 13. Nh3 Qa5+ 14. c3) 13... Qa5+ (13... Qf4 $17 {And now ...e5! would win.} 14. Bd3 Bd6) 14. c3 $11 {[#] Strongly threatening Ne5.} Be7 $2 {[%mdl 8192]} (14... Bd6 $1 $11 15. Qh4 Qf5) 15. Bd3 ({Not} 15. Qg3+ Kf8 $18) 15... Rf8 $2 (15... Nc6 16. Qg3+ Kf8) 16. O-O {Accuracy: White = 50%, Black = 23%.} (16. Qg3+ $142 Kf7 17. Bxh7 (17. b4 Qh5 $14)) 1-0

[Event "Stay Safe Play From Home 379"]
[Site "Emanuel Lasker Arena"]
[Date "2020.08.13"]
[Round "1"]
[White "Stefanone"]
[Black "Lazieri3"]
[Result "0-1"]
[WhiteElo "1957"]
[BlackElo "2157"]
[Annotator "TA"]
[PlyCount "34"]
[EventDate "2020.08.13"]
[EventType "swiss (blitz)"]

{[%evp 9,33,3,28,6,24,-11,-17,-29,-17,-39,-29,-62,-43,-73,-62,-64,-61,-62,-73,-91,-85,-88,-107,-283,-284,-29999]} 1. d3 c6 2. g3 d5 3. Bg2 Nf6 4. f4 Bf5 5. Nf3 Qc8 6. h3 {[#] A03: Bird's Opening with 1...d5.} h6 $146 ({Predecessor:} 6... h5 7. Be3 Nbd7 8. Bf2 Qc7 9. Nc3 e5 10. fxe5 Nxe5 11. e4 dxe4 12. Nxe5 Qxe5 {½-½ (27) Haub,T (2446)-Coenen,N (2378) Germany 2005}) 7. g4 Bh7 8. O-O {The position is equal.} e6 9. Nbd2 Bc5+ 10. Kh2 Qc7 11. Nb3 Bd6 12. e3 O-O 13. Kh1 Nbd7 14. Rg1 e5 15. f5 e4 16. dxe4 $2 (16. Nfd2 $17) 16... Nxe4 $19 {[%cal Re4f2]} 17. Nfd4 $2 {[#]} (17. Rf1 $19) 17... Nf2# {Black took control after the opening. Accuracy: White = 48%, Black = 100%.} 0-1

[Event "Stay Safe Play From Home 379"]
[Site "Emanuel Lasker Arena"]
[Date "2020.08.13"]
[Round "1"]
[White "Haris kollari 13"]
[Black "IceQueen"]
[Result "0-1"]
[WhiteElo "1688"]
[BlackElo "2349"]
[Annotator "NA"]
[PlyCount "60"]
[EventDate "2020.08.13"]
[EventType "swiss (blitz)"]

1. d4 {[%emt 0:00:01]} c5 {[%emt 0:00:00]} 2. dxc5 {[%emt 0:00:01]} Nf6 {[%emt 0:00:00]} 3. b4 {[%emt 0:00:02]} e6 {[%emt 0:00:00]} 4. Bb2 {[%emt 0:00:01]} b6 {[%emt 0:00:00]} 5. cxb6 {[%emt 0:00:02]} Qxb6 {[%emt 0:00:00]} 6. c3 {[%emt 0:00:01]} a5 {[%emt 0:00:02]} 7. a3 {[%emt 0:00:01]} Ba6 {[%emt 0:00:01]} 8. Nd2 {[%emt 0:00:03]} Be7 {[%emt 0:00:01]} 9. Ngf3 {[%emt 0:00:01]} O-O {[%emt 0:00:01]} 10. e3 {[%emt 0:00:01]} Bxf1 {[%emt 0:00:02]} 11. Nxf1 {[%emt 0:00:01]} Nc6 {[%emt 0:00:01]} 12. N1d2 {[%emt 0:00:01]} d5 {[%emt 0:00:02]} 13. O-O {[%emt 0:00:01]} Rfd8 {[%emt 0:00:00]} 14. Nd4 {[%emt 0:00:01]} Ne5 {[%emt 0:00:02]} 15. N2f3 {[%emt 0:00:01]} Nc4 {[%emt 0:00:01]} 16. Bc1 {[%emt 0:00:01]} Ne4 {[%emt 0:00:01]} 17. Qc2 {[%emt 0:00:03]} axb4 {[%emt 0:00:00]} 18. cxb4 {[%emt 0:00:01]} Bf6 {[%emt 0:00:04]} 19. Bb2 {[%emt 0:00:02]} Rdc8 {[%emt 0:00:01]} 20. Qb3 {[%emt 0:00:02]} e5 {[%emt 0:00:02]} 21. Ne2 {[%emt 0:00:05]} Ncd2 {[%emt 0:00:01]} 22. Nxd2 {[%emt 0:00:02]} Nxd2 {[%emt 0:00:00]} 23. Qxd5 {[%emt 0:00:01]} Nxf1 {[%emt 0:00:01]} 24. Rxf1 {[%emt 0:00:01]} Rc2 {[%emt 0:00:01]} 25. Bxe5 {[%emt 0:00:06]} Rd8 {[%emt 0:00:02]} 26. Qe4 {[%emt 0:00:06]} Rxe2 {[%emt 0:00:02]} 27. Bxf6 {[%emt 0:00:01]} Qxf6 {[%emt 0:00:00]} 28. Rc1 {[%emt 0:00:02]} Qxf2+ {[%emt 0:00:02]} 29. Kh1 {[%emt 0:00:01]} Re1+ {[%emt 0:00:00]} 30. Rxe1 {[%emt 0:00:01]} Qxe1# {[%emt 0:00:00] (Lag: Av=0.52s, max=0.7s) (Lag: Av=0.52s, max=0.7s) (Lag: Av=0.52s, max=0.7s)} 0-1

[Event "Stay Safe Play From Home 379"]
[Site "Emanuel Lasker Arena"]
[Date "2020.08.13"]
[Round "2"]
[White "Broken sword"]
[Black "Lamborghini"]
[Result "1-0"]
[WhiteElo "2446"]
[BlackElo "2239"]
[Annotator "TA"]
[PlyCount "59"]
[EventDate "2020.08.13"]
[EventType "swiss (blitz)"]

{[%evp 19,58,23,64,14,31,0,38,23,25,13,8,10,31,-37,31,35,25,-22,-11,-19,-9,-41,-9,-16,-6,-13,0,0,0,-10,-11,-46,-7,-19,-12,-25,-18,-41,-15,-16,29999]} 1. e4 c5 2. Nf3 d6 3. d4 cxd4 4. Nxd4 Nf6 5. Nc3 g6 6. Be3 Bg7 7. f3 O-O 8. Qd2 Nc6 9. Bc4 Bd7 10. Bb3 Qb8 11. O-O {B77: Sicilian Dragon: Yugoslav Attack, 9 Bc4 sidelines.} Rc8 {[#]} 12. Kh1 $146 ({Predecessor:} 12. Nd5 Nxd5 13. exd5 Ne5 14. Rae1 a5 15. a3 a4 16. Ba2 Nc4 17. Bxc4 Rxc4 18. c3 Qc7 {1-0 (28) Meftahi,H (2074)-Zaibi,A (2384) Monastir 2017}) 12... Ne5 13. Rfd1 {White is slightly better.} b5 14. Nd5 Nxd5 15. Bxd5 Nc4 16. Qe2 ({White should try} 16. Qc1 $14) 16... Nxe3 (16... Nxb2 $15 17. Rdc1 e5 18. Nxb5 Bxb5) 17. Qxe3 $14 Bxd4 18. Qxd4 (18. Rxd4 {is more complex.} Bc6 19. Bb3 Qb6 20. a3 e5 21. Rd3) 18... Bc6 19. c3 Bxd5 20. Qxd5 Rc5 21. Qd4 Qc7 22. a3 Rc8 23. h3 a5 24. Rd2 Rc4 25. Qd3 (25. Qe3 {seems wilder.} f6 26. Rd5 Rb8 27. Rd4 Rxd4 28. Qxd4 Qc5 29. Rd1) 25... Qb7 26. Rdd1 R8c7 27. Qe2 Kg7 28. e5 dxe5 29. Qxe5+ Kg8 $2 {[%mdl 8192] [#]} (29... f6 $11 30. Qe6 Qc6 31. Qxc6 R7xc6) 30. Rd8# {Accuracy: White = 64%, Black = 58%.} 1-0

[Event "Stay Safe Play From Home 379"]
[Site "Emanuel Lasker Arena"]
[Date "2020.08.13"]
[Round "2"]
[White "IceQueen"]
[Black "Mepe_Nika"]
[Result "0-1"]
[WhiteElo "2349"]
[BlackElo "2371"]
[Annotator "TA"]
[PlyCount "94"]
[EventDate "2020.08.13"]
[EventType "swiss (blitz)"]

{[%evp 17,94,-7,-8,4,0,-12,-16,-35,7,10,-1,-5,36,8,3,-128,-54,-147,-130,-129,-108,-144,-98,-161,-161,-147,-154,-192,-116,-228,-193,-365,-373,-384,-408,-406,-380,-381,-338,-377,-339,-353,-323,-458,-443,-627,-527,-720,-718,-685,-624,-719,-703,-756,-748,-737,-705,-827,-590,-531,-309,-500,-439,-650,-604,-649,-450,-444,-219,-508,187,162,1361,-693,754,735,1739,1739,29991]} 1. d4 d5 2. Nf3 Nf6 3. c4 c6 4. Nc3 e6 5. g3 dxc4 6. Bg2 Nbd7 7. a4 Bb4 8. O-O O-O 9. Qc2 Qe7 10. Na2 {E01: Catalan: Early deviations.} Bd6 11. e4 {e5 is the strong threat.} e5 {[#]} 12. Nh4 $146 {Threatens to win with Nf5.The position is equal.} ({Predecessor:} 12. Qxc4 exd4 13. Nxd4 Ne5 14. Qc2 Rd8 15. h3 Bc5 16. Nb3 Bb6 17. a5 Bc7 18. f4 {0-1 (47) Chakravarthi,R (2416)-Matsenko,A (2326) Novi Sad 2019}) 12... exd4 {aiming for ...Ne5.} 13. Nf5 Qe6 $1 {White must now prevent ...Bc5.} 14. Nxd4 Qe8 15. Nf5 Bc7 $36 {[%mdl 2048] Black is pushing.} 16. Rd1 (16. Qxc4 $11 {keeps the balance.} Ne5 17. Qc2) 16... Ne5 (16... Nc5 $17 {[%cal Rf6e4]} 17. Nd4 Be6) 17. Nd6 (17. Bf4 $15) 17... Bxd6 18. Rxd6 Be6 19. Bg5 Nfd7 20. Nc3 (20. Qc3 $17) 20... h6 21. Bf4 Nd3 22. Be3 N7c5 ({Better is} 22... Qe7 $19 23. Rd4 N7e5) 23. a5 (23. Bxc5 $17 Nxc5 24. e5) 23... Qe7 24. Rd4 $2 (24. Bxc5 {keeps fighting.} Nxc5 25. e5) 24... Nb3 $19 {[%mdl 64] Double Attack} 25. Rd1 Nxd4 26. Bxd4 Rfd8 27. Be3 Qc7 28. f4 f6 29. a6 b5 30. f5 (30. Ra1 {was necessary.}) 30... Bf7 31. g4 (31. Bf1 $142) 31... Rd7 32. h3 Rad8 33. Rf1 Ne5 {[%cal Bd3e5,Be5d3,Bd3b2][%mdl 32]} 34. Bf4 Qb6+ 35. Qf2 Qxa6 36. Qg3 Nd3 37. Kh2 Nxb2 38. e5 {Now e6 and White clings on.} fxe5 39. Bxe5 $2 (39. Bxh6 {was the only chance.} gxh6 40. Ne4) 39... c5 40. f6 (40. g5 $142 Rd3 41. Qf4 hxg5 42. Qxg5) 40... g5 41. h4 Qe6 42. hxg5 Rd2 (42... b4 $142 43. Nb5 c3) 43. Rf5 $2 (43. g6 {only move.} Bxg6 44. f7+ $1 {[%mdl 512]} Bxf7 45. Rf6 Rxg2+ 46. Kxg2) 43... Bg6 $4 {[%mdl 8192]} ({Worse is} 43... R8d3 44. Qf4 $11) (43... Nd3 $19 {avoids the disaster.} 44. Nxb5 Nxe5 45. Rxe5 Qc6 46. Nxa7 Qa8 47. gxh6 R8d3) 44. gxh6 {Strongly threatening f7+!} Kh7 $2 (44... Kf8) 45. f7 $4 {[%mdl 8192]} (45. Ne4 $18 Bxf5 46. Ng5+ Kg8 47. f7+ Qxf7 48. Nxf7) 45... Bxf7 $4 {[%mdl 8192] [#]} (45... Bxf5 $19 46. gxf5 Qxh6+ 47. Kg1 Rc2) 46. Rf6 $1 $18 {[%cal Rf6e6]} Qxf6 47. Bxf6 Bg6 {[%mdl 32768] Accuracy: White = 31%, Black = 45%. . Loss on time!?} 0-1

[Event "Stay Safe Play From Home 379"]
[Site "Emanuel Lasker Arena"]
[Date "2020.08.13"]
[Round "2"]
[White "Lazieri3"]
[Black "MihailoVujic"]
[Result "1-0"]
[WhiteElo "2165"]
[BlackElo "2229"]
[Annotator "TA"]
[PlyCount "105"]
[EventDate "2020.08.13"]
[EventType "swiss (blitz)"]

{[%evp 9,105,-4,35,15,21,18,16,11,24,0,0,-9,-2,-3,0,-1,21,21,19,17,66,66,79,84,96,93,86,77,86,86,112,116,123,100,100,99,98,100,99,100,100,96,96,80,80,80,85,0,0,0,0,0,8,0,0,0,0,0,0,0,0,0,0,0,0,0,0,0,0,0,0,0,0,0,0,0,0,0,0,0,0,0,0,-647,-647,-647,-558,-529,-521,-29974,-79,-4134,-79,-29980,-79,-79,-79,-86]} 1. e4 e5 2. Nc3 Nc6 3. Nf3 Nf6 4. d4 exd4 5. Nxd4 Nxe4 (5... Bb4 {seems wilder.} 6. Nxc6 bxc6 7. Bd3 O-O 8. O-O d5) 6. Nxc6 {C47: Scotch Four Knights and Four Knights with 4 g3.} (6. Nxe4 {with more complications.} Qe7 7. f3 d5 8. Bb5 Bd7 9. Bxc6 bxc6 10. O-O) 6... Nxc3 7. Nxd8 Nxd1 8. Nxf7 $1 {The position is equal.} Kxf7 9. Kxd1 d5 {[#]} 10. Be3 $146 ({Predecessor:} 10. Bf4 Bf5 11. f3 h5 12. c3 c6 13. Kd2 Re8 14. Bd3 Kf6 15. Rae1 Bc5 16. Be3 Bxe3+ 17. Rxe3 Rxe3 18. Kxe3 {0-1 (60) Aboy Nieto,P (1949)-Galan Martin,P (2114) Padrun 2008}) 10... c5 11. Bd3 g6 12. c3 Bf5 13. Bxf5 gxf5 14. g3 d4 15. cxd4 cxd4 16. Bf4 Bg7 17. Kd2 Rhe8 18. Rhe1 Rac8 19. Rxe8 Rxe8 $16 {[%mdl 4096] Endgame KRB-KRB} 20. Rc1 Ke6 21. Rc7 Re7 22. Rxe7+ Kxe7 {KB-KB} 23. Kd3 Ke6 24. Bb8 a6 25. Ba7 Kd5 26. Bb6 Be5 27. b3 h5 28. f4 (28. h3 $16) 28... Bf6 $11 29. Ba7 b5 30. a4 Bg7 31. axb5 axb5 32. Bb6 Bf6 33. Bc7 Bg7 34. Bb8 Bf6 35. Bc7 Bg7 36. Bd8 Bh8 37. Be7 Bg7 38. Bd8 Bh8 39. h3 Bg7 40. Bc7 Bf6 41. Bb6 Bg7 42. Ba5 Bf6 43. Be1 Bg7 44. Bf2 Bf6 45. Bg1 Bg7 46. g4 $2 {[%mdl 8192]} (46. Bf2 $11) 46... fxg4 47. hxg4 hxg4 {Strongly threatening ...g3.} 48. Bf2 Bf6 49. Bg1 Bh4 $2 (49... g3 50. f5 Be5 51. b4 Bg7 52. Ke2 Ke4 53. Ke1 Kxf5 54. Kd2 Ke4 55. Ke1 Bf8 56. Kf1 Bxb4 57. Ke2 Bc5 58. Ke1 b4 59. Kd2 b3 60. Kc1 Ba3+ 61. Kd2 b2 62. Kc2 d3+ 63. Kb1 d2 64. Kc2 {[#]} d1=Q+ $1 {[%mdl 576] Deflection, Decoy, Promotion} 65. Kxd1 b1=Q+ 66. Ke2 Qd3+ 67. Ke1 Bb4#) 50. f5 $2 {[%mdl 8192]} (50. Bxd4 $17 g3 51. Bg1) 50... g3 $2 (50... Bf6 $19 51. Bf2 Be5) 51. f6 $2 {[%mdl 8192] [#]} (51. Bxd4 $17 g2 52. Bg1) 51... g2 $2 (51... Bxf6 {mates} 52. Ke2 Ke4 53. Kd1 Bg5 54. Kc2 Be3 55. Kb2 b4 56. Kc2 Bxg1 57. Kc1 d3 58. Kb2 Bd4+ 59. Kb1 g2 60. Ka2 d2 61. Kb1 g1=Q+ 62. Kc2 d1=Q#) 52. f7 $17 Be7 53. Bxd4 {[%mdl 32768] Accuracy: White = 79%, Black = 78%. . Loss on time!?} 1-0